Statistiken für Quizduell Fragen – Schwer

Klicken Sie hier um das Quiz zu spielen!

Allgemein

  • Dieses Quiz wurde 147 mal gespielt
  • Das Durchschnittsergebnis liegt bei 3 aus 19

Antwortstatistiken

KategorieFrageAntwort% Korrekt
Macht & GeldWelche Buchstaben sind beim Amazon-Logo mit einem gelben Pfeil verbunden?A und Z
53%
Musik & HitsWie lautet die Telefonnummer, unter der laut Spider Murphy Gang die ganze Nacht Konjunktur herrscht?32 16 8
39%
Wunder der TechnikWie viel Grad Fahrenheit entsprechen einer Körpertemperatur von 37,8⁰ Celsius?100⁰ Fahrenheit
38%
Sport & FreizeitWelchem Verein gelang 1963 das erste Tor der neugegründeten Fußball-Bundesliga?Borussia Dortmund
37%
Rund um die WeltIn welchem Land gibt es einen „First Lord of the Treasury“?Vereinigtes Königreich
36%
Draußen im GrünenWie heißt die wetterführende Schicht in der Atmosphäre?Troposphäre
25%
Kunst & KulturWas verzehren Spanier traditionell an Silvester zu den 12 Glockenschlägen?12 Trauben
21%
Zeugen der ZeitWer war bei seiner Amtseinführung mit 42 Jahren der jüngste US-Präsident?Theodore Roosevelt
15%
Bücher & WörterWas bedeutet „Automobil“ wörtlich übersetzt?Selbst beweglich
12%
TV-SerienAus welcher Stadt wurde die letzte Ausgabe von „Wetten, dass ...?“ gesendet?Nürnberg
11%
Glaube & ReligionWie nennt man die Auslegung eines biblischen Textes?Exegese
9%
ComicsFür was steht das DC im Namen des Comicverlags DC Comics?Detective Comics
8%
Die 2000erWas ist das Jugendwort des Jahres 2014?Läuft bei dir
7%
KinofilmeWie nennt Audrey Hepburn ihren Kater im Filmklassiker „Frühstück bei Tiffany“?Kater
6%
Im LaborWelche Lichtstärke hat eine Haushaltskerze in etwa?1 Candela
4%
Körper & GeistWie wird ein Muttermal in der medizinischen Fachsprache gemeinhin bezeichnet?Nävus
3%
Essen & TrinkenWelches Land verkündete 2009 ein Verbot für Coca Cola Zero?Venezuela
3%
ComputerspieleWie heißt ein bekannter Segelflug-Simulator?Condor
1%
Medien & UnterhaltungWas studierte Laufsteg-Trainer Jorge Gonzáles?Radioökologie
0%

Verteilung der Resultate

Perzentil nach korrekt beantworteten Fragen

Anzahl Personen mit jedem Resultat

Ihre Resultats-Entwicklung

Sie haben dieses Quiz noch nicht gespielt